| 000 | 01267nam a22002657a 4500 | ||
|---|---|---|---|
| 005 | 20170124103126.0 | ||
| 010 | _aA-977113 | ||
| 020 | _c250.00 | ||
| 035 | _aA-977113 | ||
| 037 | _bCen Lib/Ret | ||
| 040 |
_aDPL _bHN |
||
| 082 |
_a181.45 _bपूर्णप |
||
| 100 |
_aपूर्णपंथी, पूर्णानन्द _99493 |
||
| 245 |
_aवेदान्त दर्शन : _cपूर्णानन्द पूर्णपंथी _bपञ्चदशी के आलोक में / |
||
| 246 |
_aVedant darshan : panchdashi ke alok mein / _bby Poornanand Poornpanthi |
||
| 260 |
_aजोधपुर _bराजस्थानी ग्रन्थागार _c1999 |
||
| 270 |
_aसोजती गेट _bजोधपुर |
||
| 300 |
_axvi, 219पृ. _c21सेमी (सजिल्द) |
||
| 500 | _aसन्दर्भ सूची शामिल | ||
| 650 |
_aदार्शनिक चिन्तन--पञ्चदशी _983227 |
||
| 650 |
_aपञ्चदशी--आत्मा का स्वरूप _976371 |
||
| 650 |
_aPhilosophical aspects--Ptrchdshi _983228 |
||
| 650 |
_aPtrchdshi--The nature of the soul _983229 |
||
| 942 |
_2ddc _cHN _h181.45 _mपूर्णप |
||
| 999 |
_c119074 _d119074 |
||